MDQL
is popping MORE tags! Check the
thread
!
Quizzes
Events
Quiz Creation
Community
Videos
Private Events
Remove Ads
Sign In
Join for FREE
Feedback
Dark Mode
Quiz Categories
Sports
Geography
Music
Movies
Television
Just For Fun
Miscellaneous
History
Literature
Language
Science
Gaming
Entertainment
Religion
Holiday
For Kids
Quiz Lab
Recent
Popular Today
Quiz Kudos Today
Editor Picks
Curator Picks
Quizzes by...
Day
Popularity
Type
Ratings
Length
Year
Community
Subscriptions
Recent Discussions
Orange Saloon
Badges
Playlists
Quests
Create
Leaderboards
Showdown
Live 5
Trivia Bingo
Activity
Puzzle Library
Sporcle Events
Private Events
Virtual Trivia
Globe League
Become a Host
Pub Owners
SporcleCon
Opinionation
Our Games
Videos
Blog
Mobile Apps
Partnerships
Remove Ads and Go Orange
Feedback
Sports
Athletes
MLB
NBA
NHL
NFL
Soccer
Sports Teams
WWE
NCAA
Football
Premier League
Basketball
Baseball
Hockey
Golf
Tennis
Cricket
Rugby
Auto Racing
Olympics
World Cup
Sports
Athletes
MLB
NBA
NHL
NFL
Soccer
Sports Teams
WWE
NCAA
Football
Premier League
Basketball
Baseball
Hockey
Golf
Tennis
Cricket
Rugby
Auto Racing
Olympics
World Cup
Random Quiz
Search Sporcle
×
Quiz Lab
Quiz Lab
Sports
Football
Type in answers that appear in a list
Type in answers that appear in a list
Classic
Best Score? Go Orange.
Chelsea Top Scorers by Season Since 1946 Stats
Can you name the Chelsea Top Scorers by Season Since 1946?
By
benjreed95
10m
74 Questions
519 Plays
519 Plays
519 Plays
Comments
Comments
Give Quiz Kudos
Give Quiz Kudos
-
- Ratings
hide this ad
Replay
Link that replays current quiz
Next Quiz
Link to next quiz in quiz playlist
You Got
0%
They Got
Avg Score
46%
Avg Friend Score
Upgrade to see
Score Distribution
Jump to the score distribution portion of the page
Score
0/74
Timer
10:00
0
Plays Today
Season
Top Scorer
% Correct
2006-
07
Didier Drogba
97.1%
2009-
10
Didier Drogba
97.1%
2017-
18
Eden Hazard
95.2%
2018-
19
Eden Hazard
95.2%
2004-
05
Frank Lampard
95%
2005-
06
Frank Lampard
95%
2007-
08
Frank Lampard
95%
2011-
12
Frank Lampard
95%
2013-
14
Eden Hazard
92.1%
2014-
15
Diego Costa
89.6%
2015-
16
Diego Costa
89.6%
2016-
17
Diego Costa
89.3%
1998-
99
Gianfranco Zola
87.6%
2002-
03
Gianfranco Zola
87.6%
2008-
09
Nicolas Anelka
82%
2010-
11
Nicolas Anelka
82%
2000-
01
Jimmy Floyd Hasselbaink
81.1%
2001-
02
Jimmy Floyd Hasselbaink
81.1%
2003-
04
Jimmy Floyd Hasselbaink
81.1%
2012-
13
Fernando Torres
75.9%
2019-
20
Tammy Abraham
73.2%
1997-
98
Gianluca Vialli
64.9%
1999-
2000
Tore André Flo
60%
1957-
58
Jimmy Greaves
53.7%
1958-
59
Jimmy Greaves
53.7%
1959-
60
Jimmy Greaves
53.7%
1960-
61
Jimmy Greaves
53.7%
1967-
68
Peter Osgood
51.5%
1969-
70
Peter Osgood
51.5%
1971-
72
Peter Osgood
51.5%
1972-
73
Peter Osgood
51.5%
1983-
84
Kerry Dixon
51%
1984-
85
Kerry Dixon
51%
1985-
86
Kerry Dixon
51%
1986-
87
Kerry Dixon
51%
1988-
89
Kerry Dixon
51%
1989-
90
Kerry Dixon
51%
Season
Top Scorer
% Correct
1990-
91
Kerry Dixon/Gordon Durie
51%
1996-
97
Mark Hughes
50.6%
1993-
94
Gavin Peacock/Mark Stein
42.9%
1994-
95
Paul Furlong/John Spencer
42.5%
1995-
96
John Spencer
42.1%
1987-
88
Gordon Durie
40.3%
1991-
92
Dennis Wise
40%
1965-
66
George Graham/Bobby Tambling
39.4%
1961-
62
Bobby Tambling
38.6%
1962-
63
Bobby Tambling
38.6%
1963-
64
Bobby Tambling
38.6%
1966-
67
Bobby Tambling
38.6%
1968-
69
Bobby Tambling
38.6%
1975-
76
Ray Wilkins
24.7%
1948-
49
Roy Bentley
22%
1949-
50
Roy Bentley
22%
1950-
51
Roy Bentley
22%
1951-
52
Roy Bentley
22%
1952-
53
Roy Bentley
22%
1953-
54
Roy Bentley
22%
1954-
55
Roy Bentley
22%
1955-
56
Roy Bentley
22%
1980-
81
Colin Lee
18.5%
1979-
80
Mike Fillery/Clive Walker
18.3%
1981-
82
Clive Walker
18.1%
1992-
93
Mick Harford
15.8%
1974-
75
Ian Hutchinson
15.1%
1982-
83
Mike Fillery
14.7%
1977-
78
Tommy Langley
10.2%
1978-
79
Tommy Langley
10.2%
1946-
47
Tommy Lawton
9.8%
1973-
74
Tommy Baldwin
8.7%
1964-
65
Barry Bridges
8.3%
1976-
77
Steve Finnieston
6.6%
1970-
71
Keith Weller
6.4%
1947-
48
Ken Armstrong
6.2%
1956-
57
Johnny McNichol
1.4%
Quiz Playlist
Details
Report
Send in Message
Add To Playlist
Classic:
Type in answers that appear in a list
Last Updated: May 27, 2021
Quiz Scoreboard
CHALLENGE
Sign Up to Join the Scoreboard
Show All
Scores
Hide
Comments
May contain spoilers
Recently Published
Two Season TV Shows II
by 123Four
Television
10m
Image Sorting: Flags VI
by Barbecue
Geography
2m
Find the 'City' Movie
by crazypaving
Movies
60s
More to Explore
Quiz From the Vault
Featured Blog Post
14 Easter Pick-up Lines to Find Eggs With
hide this ad
You Might Also Like...
Tags
Football Quiz
Soccer Quiz
Chelsea
English Football
English Soccer
Top Scorers
Today's Top Quizzes in Sports
Browse Sports
hide this ad
Today's Top Quizzes in Football
Browse Football
Top Contributed Quizzes in Sports
1
Les meilleurs buteurs des matchs entre le PSG et l’OM
2
Les entraîneurs de l'OM et du PSG au 21e siècle
3
2022 World Cup Stars
4
Les joueurs passés par le PSG et l'OM
5
Players with Multiple 50 Home Run Seasons
6
FIFA Club World Cup Champions
7
Criteria MLB: Left Handed Sluggers
8
Les joueurs passés par le LOSC et le RC Lens
9
Top 10 NHL Goal Scorers of All Time
10
MLB Players with Two .350 Batting Average Seasons
Explore More
Trending Topics
Marvel
Harry Potter
NBA
Disney
Anime
Kpop
Crossword
WWE
Soccer
Puzzle
Country
NFL
Pokémon
Song
The Office
hide this ad
More By:
benjreed95
Quiz
Plays
Rating
Category
Featured
Created
Germany World Cup Squads Since 1990
2,466
5.00
Sports
Jul 10, 2020
England World Cup Squads Since 1990
1,929
5.00
Sports
Jun 30, 2020
La Liga Top Scorers
1,830
5.00
Sports
Sep 29, 2016
Chelsea Players without Chelsea
1,717
5.00
Sports
Sep 18, 2020
Italy World Cup Squads Since 1990
1,583
5.00
Sports
Jul 11, 2020
Go to Creator's Profile
Score Distribution
Quiz Creator Spotlight
benjreed95
Follow
Send a Message
Quizzes Created
-
Created Quiz Play Count
-
More By This Creator
Popular Quizzes Today
1
Find the US States - No Outlines Minefield
2
Colored Red Africa Blitz
3
Find the 'City' Movie
4
5x2 Blitz: Bands
5
The Countries of the World
6
Find the Countries of Europe - No Outlines Minefield
7
Find the US States
8
US States
More Sports Quizzes
Wrong Colors: Olympic Rings
Quiz Lab
Trending Quizzes
Colored Red Europe Blitz I
Colored Red Africa Blitz II
Colored Red Europe Blitz II
Colored Red Africa Blitz III
Colored Red Europe Blitz III
Recently Updated
How Do You Spell That?
pecheneg
Godzilla Movies
pecheneg
Grab Bag: 4-10 Letters
pecheneg
2024 March Madness Bracket
pecheneg
Famous TV Couples
Peacemaker
Champions League XIs: Real Madrid
pecheneg
Largest US Cities 1790-2010
pecheneg
Rides in Walt Disney World
pecheneg
Most Oscar Losses (Acting)
pecheneg
Beyoncé Albums
pecheneg
Trending Topics
Crossword
Kpop
Disney
NBA
Anime
Marvel
Harry Potter
WWE
Pokémon
Soccer
NFL
Puzzle
Country
The Office
Song
Your Account Isn't Verified!
In order to create a playlist on Sporcle, you need to verify the email address you used during registration. Go to your
Sporcle Settings
to finish the process.
Report this User
Report this user for behavior that violates our
Community Guidelines
.
Details:
Send Report
Go to the Sporcle.com Mobile Site →
Comments